NIEKTORÉ CHARAKTERISTIKY TEPLOTNO-VLHKOSTNÝCH VZŤAHOV V HURBANOVE

Bibliographic Details
Main Author: Štefan, Kveták (Author)
Format: Article
Language:Slovak

MARC

LEADER 00000nab a2200000ua 4500
001 vtls010842124
003 SK-MaSNL
005 20260303103809.0
008 230121s1985 xo |||||||||||||||||slo|
035 |a (urnnbn)urn:nbn:sk:snk:ar-a06z10 
035 |a urn:nbn:sk:snk-ab64il 
035 |a (uuid)b858031c-0a80-4513-9721-41ab1ccd200b 
040 |a SNKBUCL  |b slo  |c SNKBUCL  |e AACR2 
041 0 |a slo 
044 |a xo  |c SK 
100 1 |a Štefan, Kveták  |4 aut  |9 1117849 
245 1 0 |a NIEKTORÉ CHARAKTERISTIKY TEPLOTNO-VLHKOSTNÝCH VZŤAHOV V HURBANOVE  |c Štefan Kveták 
773 0 |t Meteorologické zprávy  |g Roč. 38, č. 1 (1985), s. 9-16 
954 |a odborná, vedecká literatúra pôvodná (slovenská)  |2 lita 
958 |a OND 
958 |a EUIPO 
958 |a article5 
999 |c 1852012  |d 1853942